Country-Capital Pairs - Sudden Death - Statistics

General Stats
  • This quiz has been taken 28 times
  • The average score is 11 of 18
Answers on the Grid
Answers color-coded by a green-red scale on the quiz's grid according to % correct below.
Canada-Ottawa
Canada-Toronto
Venezuela-Caracas
China-Hong Kong
Australia-Sydney
Zambia-Harare
Argentina-Buenos Aires
Greece-Athens
Russia-St. Petersburg
Nauru-Ngerulmud
Mexico-Mexico City
Japan-Tokyo
Angola-Angola City
Germany-Berlin
United Kingdom-London
New Zealand-Wellington
Libya-Tripoli
South Africa-Johannesburg
Peru-Lima
Mongolia-Ulaanbaatar
Afghanistan-Kabul
Singapore-Singapore
Liechtenstein-Liechtenstein
Chile-Pepir
Taiwan-Mogadishu
Panama-Panama City
Morocco-Garako
France-Paris
Portugal-Lisbon
Burkina Faso-Ouagadougou
 
Answer Stats
Answer % Correct
Argentina-Buenos Aires
75%
Japan-Tokyo
75%
France-Paris
70%
Panama-Panama City
70%
Portugal-Lisbon
70%
Germany-Berlin
65%
Mexico-Mexico City
65%
New Zealand-Wellington
65%
Singapore-Singapore
65%
United Kingdom-London
65%
Canada-Ottawa
60%
Greece-Athens
60%
Libya-Tripoli
60%
Mongolia-Ulaanbaatar
60%
Venezuela-Caracas
60%
Afghanistan-Kabul
55%
Peru-Lima
55%
Burkina Faso-Ouagadougou
45%
No matching quizzes found
Score Distribution
Percent of People with Each Score
Percentile by Number Answered
Your Score History
You have not taken this quiz